000 06303nam a22004817a 4500
005 20120208143733.0
010 _aB-479154-174
020 _a9788181460691
_c100.00
035 _aB-479154-174
037 _bब्लूबेरी बुक्स
082 _a
100 _aचड्ढा, राधिका
_951995
245 _aबसवा और आग के बिंदु /
_cराधिका चड्ढा;भक्ति फाटक द्वारा चित्रांकित;दीया नायर द्वारा अनुदित
260 _aचैन्नई
_bतूलिका पब्लिशर्स
_c2011
270 _a13 पृथ्वी ऐवन्यु, अभिरमपुरम
_bचैन्नई
_e600018
300 _aअ.पृ.
_bसचित्र
_c24सेमी (अजिल्द)
700 _941133
_aभक्ति फाटक
700 _941134
_aनायर, दीया
942 _2ddc
_cCH
_h
_mचड्ढारा
999 _c62286
_d62286